Informačné systémy ako nástroj monitoringu životného prostredia
Environmentálne informačné systémy sa zaoberajú správou dát o pôde, o vode, ovzduší a živých druhoch na svete okolo nás. Aplikovanie informačných systémov v životnom prostredí. Hlavné ciele enviroportálu.
Salvato in:
| Autore principale: | |
|---|---|
| Altri autori: | |
| Natura: | Capitolo di libro |
| Lingua: | slovacco |
| Soggetti: | |
| Tags: |
Nessun Tag, puoi essere il primo ad aggiungerne!!
|
MARC
| LEADER | 00000nla$a2200000$$$4500 | ||
|---|---|---|---|
| 001 | 0134118 | ||
| 005 | 20240502072515.1 | ||
| 041 | 0 | |a slo | |
| 044 | |a SK | ||
| 245 | 1 | 0 | |a Informačné systémy ako nástroj monitoringu životného prostredia |c Mojmír Kokles, Miloš Bodiš |
| 520 | |a Environmentálne informačné systémy sa zaoberajú správou dát o pôde, o vode, ovzduší a živých druhoch na svete okolo nás. Aplikovanie informačných systémov v životnom prostredí. Hlavné ciele enviroportálu. | ||
| 610 | 2 | 0 | |a prostredie životné |
| 610 | 2 | 0 | |a systémy informačné |
| 610 | 2 | 0 | |a informácie |
| 610 | 2 | 0 | |a monitoring |
| 100 | 1 | |a Kokles, Mojmír | |
| 700 | 1 | |a Bodiš, Miloš | |